| 000 | 00665nam a2200217 a 4500 | ||
|---|---|---|---|
| 999 |
_c9657 _d9657 |
||
| 001 | 9657v | ||
| 003 | BD-JhCC | ||
| 005 | 20180327095303.0 | ||
| 008 | 180321s1985 bg |||| ||a| 000 0 b d | ||
| 035 | _a(BD-JhCC)9657 | ||
| 040 |
_aBD-JhCC _dBD-JhCC |
||
| 041 | _aben | ||
| 082 |
_a510 _bKHA 1985 |
||
| 100 | _aখালিল, প্রফেসর ফররুখ | ||
| 245 |
_aগাণিতিক পদ্ধতি / _cপ্রফেসর ফররুখ খালিল |
||
| 260 |
_aঢাকা: _bবাংলা একাডেমী; _c1985. |
||
| 300 |
_a344 p. : _c22 cm. |
||
| 651 | _amathematical Methods | ||
| 942 |
_2ddc _cBK |
||